| 000 | 02749cam a22004574i 4500 | ||
|---|---|---|---|
| 003 | PE-LiUPU | ||
| 005 | 20250731165439.0 | ||
| 008 | 160606s2016 pe a grt 000 0 spa d | ||
| 035 | _a(Sirsi) a157086 | ||
| 040 |
_aPE-LiUPU _bspa _cPE-LiUPU _erda |
||
| 099 |
_aIC 2 _bM28 2016 |
||
| 100 | 1 |
_aMatos Pipa, Alfredo, _eautor |
|
| 245 | 1 |
_aContribución de la comunicación para el desarrollo sostenible en los planes de Econegocios del programa de inversión pública para el fortalecimiento de la gestión ambiental y social de los impactos del corredor vial interoceánico sur - II etapa (PGAS CVIS 2), programa MINAM+CAF, en la región de Madre de Dios. / _cAlfredo Matos Pipa. |
|
| 264 | 0 | _c2016. | |
| 300 |
_a145 hojas : _bilustraciones; _c30 cm |
||
| 336 |
_atext _2rdacontent |
||
| 337 |
_aunmediated _2rdamedia |
||
| 338 |
_avolume _2rdacarrier |
||
| 502 |
_aInforme _b(Lic.) -- _cUniversidad Peruana Unión, _d2016. |
||
| 504 | _aIncluye referencias | ||
| 520 | 3 | _aEl propósito del informe de experiencia laboral es dar a conocer las bondades de la comunicación para el desarrollo y su importancia en la promoción de un tipo de comunicación más democrática, más horizontal y más participativa, sino también menos sensacionalista y menos comercializada que sólo atiende los intereses del mercado y no a los de sus propios actores sociales. Necesitamos focalizar en los grandes problemas sociales que afectan la vida de millones como pueden ser: la crisis ambiental, la lucha contra las grandes y persistentes formas de discriminación de las mujeres, de las etnias y las minorías, contra la marginalización económica, etc. Pero ello no será posible si no cambiamos el paradigma de desarrollo que ha generado estos problemas. En este documento procuramos resumir lo siguiente: La contribución de la comunicación para el desarrollo sostenible en la aplicación de los econegocios del programa Minam+CAF. Definiciones de desarrollo sostenible comparando las perspectivas occidental y oriental. Aplicación de la comunicación para el desarrollo sostenible en la aplicación del econegocio de la comunidad nativa infierno. | |
| 526 | _aSEG44 | ||
| 526 | _aSEG26 | ||
| 526 | _aP151 | ||
| 526 | _aP150 | ||
| 526 | _aP149 | ||
| 526 | _aP146 | ||
| 526 | _aP145 | ||
| 526 | _aP126 | ||
| 526 | _aP125 | ||
| 526 | _aP92 | ||
| 526 | _aP75 | ||
| 526 | _aP74 | ||
| 526 | _aP27 | ||
| 526 | _aP15 | ||
| 650 | 0 | 4 |
_aGestión ambiental _xComunicación. |
| 650 | 0 | 4 |
_aDesarrollo sostenible. _9488 |
| 596 | _a1 | ||
| 942 |
_2ddc _cINFEXPRO |
||
| 999 |
_aIC 2 M28 2016 _wALPHANUM _c9754 _iT01981 _d9754 _lCCODEBUL3 _mBUL _q1 _r1 _sY _tINFEXPRO _u2016-6-6 _xEDUCACION _PP07 _o.STAFF. Inforeme |
||
| 980 |
_81 _gALBERTO SANCHEZ Responsable de Automatización |
||